[Event "40th Olympiad Women"]
[Site "Istanbul TUR"]
[Date "2012.09.07"]
[Round "10.5"]
[Board "4"]
[White "Shvayger, Yuliya"]
[Black "Soumya, Swaminathan"]
[Result "0-1"]
[WhiteTitle "WFM"]
[BlackTitle "WGM"]
[WhiteElo "2202"]
[BlackElo "2271"]
[WhiteTeam "Israel"]
[BlackTeam "India"]
[WhiteFideId "14100126"]
[BlackFideId "5016193"]
[EventDate "2012.08.28"]

1. e4 c5 2. Nf3 d6 3. d4 cxd4 4. Nxd4 Nf6 5. Nc3 a6 6. g3 e6 7. Bg2 Bd7 8. g4 h6
9. h4 Nc6 10. g5 hxg5 11. Bxg5 Be7 12. Nb3 Qc7 13. Qe2 Rc8 14. O-O-O b5 15. f4
b4 16. Nb1 a5 17. h5 a4 18. Nd4 Nxd4 19. Rxd4 Rxh5 20. Rxb4 Rxh1+ 21. Bxh1 Qc5
22. a3 Nh5 23. c4 Bxg5 24. fxg5 Nf4 25. Qd2 Qxg5 26. Kc2 Ke7 27. Nc3 Rh8 28. Bf3
Qe5 29. Rb7 Ng6 30. Kb1 Rh3 31. Bd1 Rxc3 32. Rxd7+ Kxd7 33. Bxa4+ Ke7 34. bxc3
Qxe4+ 35. Bc2 Qxc4 36. a4 Ne5 37. Kb2 g6 38. Qg5+ Kd7 39. Bb3 Qe2+ 40. Ka3 Qe1 0-1

[Event "40th Olympiad Women"]
[Site "Istanbul TUR"]
[Date "2012.09.07"]
[Round "10.6"]
[Board "1"]
[White "Paehtz, Elisabeth"]
[Black "Matnadze, Ana"]
[Result "1-0"]
[WhiteTitle "IM"]
[BlackTitle "IM"]
[WhiteElo "2483"]
[BlackElo "2422"]
[WhiteTeam "Germany"]
[BlackTeam "Spain"]
[WhiteFideId "4641833"]
[BlackFideId "13601377"]
[EventDate "2012.08.28"]

1. e4 c6 2. Nc3 d5 3. Qe2 dxe4 4. Nxe4 Nf6 5. Nxf6+ gxf6 6. Nf3 Bg4 7. h3 Bxf3
8. Qxf3 e6 9. b3 Nd7 10. Bb2 Bd6 11. g3 h5 12. h4 Ne5 13. Qe2 Bc5 14. O-O-O Ng4
15. d4 Be7 16. Bh3 Rg8 17. f3 Nh6 18. g4 Qa5 19. Kb1 O-O-O 20. Bc1 Rh8 21. c4
Kb8 22. Rhg1 Ka8 23. Qc2 hxg4 24. fxg4 Ng8 25. h5 Ba3 26. Be3 Ne7 27. h6 e5 28.
Bd2 Qc7 29. dxe5 Qxe5 30. g5 fxg5 31. Bc3 Qe3 32. Bxh8 Rxh8 33. Rh1 a5 34. Bg2
Qe5 35. Rhe1 Qf6 36. c5 Ng6 37. Rd6 Qf4 38. Re4 Qh2 39. Ra4 Qg1+ 40. Rd1 Qxc5
41. Qxc5 Bxc5 42. Rxa5+ Ba7 43. Rd7 Kb8 44. Rxf7 Bd4 45. h7 Re8 46. Rxg5 Re6 47.
Bf3 Ka7 48. Bh5 Nh8 49. Rd7 c5 50. Bf3 Rf6 51. Bd5 Ng6 52. Rxb7+ Ka6 53. Rf7 Rd6
54. Be4 Nh8 55. Rf8 Ka5 56. Ra8+ Kb4 57. Ra4+ Kc3 58. Rg2 Bf2 59. Rc4+ Kd2 60.
Rxf2+ Ke1 61. Rcc2 1-0

[Event "40th Olympiad Women"]
[Site "Istanbul TUR"]
[Date "2012.09.07"]
[Round "10.6"]
[Board "2"]
[White "Alexandrova, Olga"]
[Black "Melamed, Tetyana"]
[Result "1/2-1/2"]
[WhiteTitle "IM"]
[BlackTitle "WGM"]
[WhiteElo "2417"]
[BlackElo "2356"]
[WhiteTeam "Spain"]
[BlackTeam "Germany"]
[WhiteFideId "14102463"]
[BlackFideId "14102145"]
[EventDate "2012.08.28"]

1. d4 d6 2. Nf3 Nf6 3. c4 g6 4. Nc3 Bg7 5. e4 O-O 6. Be2 e5 7. O-O exd4 8. Nxd4
Re8 9. f3 c6 10. Nc2 Na6 11. Be3 d5 12. cxd5 cxd5 13. exd5 Nb4 14. Bf2 Nbxd5 15.
Nxd5 Qxd5 16. Qxd5 Nxd5 17. Bb5 Rd8 18. Bh4 Bf6 19. Bxf6 Nxf6 20. Rfd1 Be6 21.
Nd4 Bd5 22. a3 Rac8 23. Rac1 Rxc1 24. Rxc1 Ba2 25. Rd1 Bd5 26. Rc1 Ba2 27. Rd1
Bd5 28. Rc1 Ba2 29. Rd1 Bd5 30. Rc1 Ba2 1/2-1/2

[Event "40th Olympiad Women"]
[Site "Istanbul TUR"]
[Date "2012.09.07"]
[Round "10.6"]
[Board "3"]
[White "Ohme, Melanie"]
[Black "Vega Gutierrez, Sabrina"]
[Result "1/2-1/2"]
[WhiteTitle "WGM"]
[BlackTitle "WGM"]
[WhiteElo "2337"]
[BlackElo "2355"]
[WhiteTeam "Germany"]
[BlackTeam "Spain"]
[WhiteFideId "4690745"]
[BlackFideId "2219026"]
[EventDate "2012.08.28"]

1. e4 c5 2. Nf3 Nc6 3. Bb5 Nf6 4. Nc3 g6 5. e5 Ng4 6. Bxc6 dxc6 7. d3 Bg7 8. Qe2
O-O 9. O-O Nh6 10. Ne4 Bg4 11. h3 Bxf3 12. Qxf3 Nf5 13. e6 Qd5 14. exf7+ Rxf7
15. Qg4 b6 16. a4 Nd4 17. Qd1 Rd8 18. a5 c4 19. axb6 axb6 20. Ra7 Nb5 21. Rb7
Nd6 22. Nxd6 Qxd6 23. Be3 b5 24. Bb6 Rc8 25. dxc4 Qxd1 26. Rxd1 Bxb2 27. Be3 Bg7
28. cxb5 cxb5 29. Rxb5 Rxc2 30. Rb8+ Rf8 1/2-1/2

[Event "40th Olympiad Women"]
[Site "Istanbul TUR"]
[Date "2012.09.07"]
[Round "10.6"]
[Board "4"]
[White "Calzetta Ruiz, Monica"]
[Black "Michna, Marta"]
[Result "0-1"]
[WhiteTitle "WGM"]
[BlackTitle "WGM"]
[WhiteElo "2276"]
[BlackElo "2380"]
[WhiteTeam "Spain"]
[BlackTeam "Germany"]
[WhiteFideId "2204185"]
[BlackFideId "1106686"]
[EventDate "2012.08.28"]

1. e4 e6 2. d4 d5 3. Nd2 c5 4. Ngf3 cxd4 5. Nxd4 Nc6 6. Bb5 Bd7 7. Nxc6 bxc6 8.
Bd3 Qc7 9. O-O Bd6 10. h3 Ne7 11. c4 O-O 12. b3 d4 13. Qh5 Ng6 14. Nf3 h6 15. c5
Bf4 16. Bb2 Rad8 17. Rfd1 e5 18. g3 Bg5 19. Bc4 Ne7 20. Nxg5 hxg5 21. Qxg5 Be6
22. Bxe6 fxe6 23. h4 Rf3 24. Qg4 Rdf8 25. Qxe6+ Kh7 26. Rd2 R8f6 27. Qg4 Ng8 28.
Rad1 Qf7 29. h5 Nh6 30. Qg5 Qe6 31. b4 Ng4 32. Rf1 Ne3 33. fxe3 Rxf1+ 34. Kg2
Qf7 35. exd4 R6f2+ 36. Rxf2 Qxf2+ 37. Kh3 Rh1+ 38. Kg4 Qe2+ 0-1

[Event "40th Olympiad Women"]
[Site "Istanbul TUR"]
[Date "2012.09.07"]
[Round "10.7"]
[Board "1"]
[White "Muminova, Nafisa"]
[Black "Sedina, Elena"]
[Result "1/2-1/2"]
[WhiteTitle "WIM"]
[BlackTitle "IM"]
[WhiteElo "2329"]
[BlackElo "2338"]
[WhiteTeam "Uzbekistan"]
[BlackTeam "Italy"]
[WhiteFideId "14201526"]
[BlackFideId "812153"]
[EventDate "2012.08.28"]

1. e4 c5 2. Nf3 e6 3. d4 cxd4 4. Nxd4 Nc6 5. Nb3 Nf6 6. Bd3 d5 7. exd5 exd5 8.
O-O Bd6 9. Nc3 O-O 10. Bg5 h6 11. Bh4 Re8 12. Kh1 g5 13. Bg3 Bxg3 14. fxg3 Bg4
15. Qd2 Ne4 16. Bxe4 dxe4 17. Qf2 f5 18. h3 e3 19. Qe1 Bh5 20. Rxf5 Nb4 21. Rc1
Bg6 22. Rf3 Nxc2 23. Qe2 Bd3 24. Qd1 Nb4 25. Nc5 Bc2 26. Qg1 Qd4 27. a3 Nd3 28.
Nxd3 Bxd3 29. Re1 Rad8 30. Rfxe3 Rxe3 31. Rxe3 Bf5 32. Qe1 Rf8 33. Re7 Rf7 34.
Kh2 a6 35. Qe2 Rxe7 36. Qxe7 Qd7 37. Qe5 Kh7 38. Nd5 Qf7 39. Ne3 Bg6 40. Ng4 Bf5
41. Nf6+ Kg6 42. Ne8 Bb1 43. Nd6 Qd7 44. Qd5 b5 45. Qg8+ Kf6 46. Qf8+ Kg6 47.
Ne8 Ba2 48. Qf6+ Kh7 49. Qe5 Kg6 50. h4 Qe6 51. h5+ Kf7 52. Nd6+ Kg8 53. Qd4 Bd5
54. Ne8 Qxe8 55. Qxd5+ Qf7 56. Qd8+ Kg7 57. Qd4+ Qf6 58. Qe4 Qf7 59. g4 Qc7+ 60.
Kh3 Qd6 61. Qf5 Qf6 62. Qd7+ Kh8 63. Qc8+ Kg7 64. Qc7+ Qf7 65. Qc3+ Qf6 66. Qd3
Kg8 67. b3 Kg7 68. Qd7+ Kg8 69. Qf5 Kg7 70. Qd7+ Qf7 71. Qxf7+ Kxf7 72. Kg3 Ke6
73. Kf3 Ke5 74. Ke3 a5 75. a4 bxa4 76. bxa4 Kd5 77. Kd3 Kc5 78. Kc3 Kd5 79. Kd3
Kc5 80. Kc3 Kd5 81. Kd3 Ke5 1/2-1/2

[Event "40th Olympiad Women"]
[Site "Istanbul TUR"]
[Date "2012.09.07"]
[Round "10.7"]
[Board "2"]
[White "Zimina, Olga"]
[Black "Tohirjonova, Hulkar"]
[Result "1-0"]
[WhiteTitle "IM"]
[BlackTitle "WFM"]
[WhiteElo "2327"]
[BlackElo "2147"]
[WhiteTeam "Italy"]
[BlackTeam "Uzbekistan"]
[WhiteFideId "4132190"]
[BlackFideId "14202247"]
[EventDate "2012.08.28"]

1. Nf3 Nf6 2. c4 e6 3. g3 d5 4. Bg2 d4 5. O-O Nc6 6. d3 e5 7. b4 Bxb4 8. Nxe5
Nxe5 9. Qa4+ Nc6 10. Bxc6+ bxc6 11. Qxb4 a5 12. Qc5 Qd6 13. Ba3 Bg4 14. Re1 Qxc5
15. Bxc5 O-O-O 16. f3 Bf5 17. Na3 Rhe8 18. Nc2 Nd7 19. Bxd4 f6 20. Bc3 Ne5 21.
Nd4 Bg6 22. f4 c5 23. Nb3 Nc6 24. Nxc5 Nd4 25. Bxd4 Rxd4 26. Nb3 Rd6 27. Nxa5
Re3 28. Nb3 Bh5 29. Kf2 Rde6 30. Nd4 Re8 31. c5 Kd7 32. c6+ Kc8 33. Rab1 g5 34.
Rb2 gxf4 35. Reb1 Kd8 36. Rb8+ Ke7 37. Nf5+ Kf7 38. Nxe3 fxe3+ 39. Ke1 Re6 40.
Rc1 Re5 41. Rb7 Re7 42. a4 Ke6 43. a5 Kd6 44. a6 Re5 45. a7 Ra5 46. Rb5 Rxb5 47.
a8=Q 1-0

[Event "40th Olympiad Women"]
[Site "Istanbul TUR"]
[Date "2012.09.07"]
[Round "10.7"]
[Board "3"]
[White "Nadirjanova, Nodira"]
[Black "Brunello, Marina"]
[Result "1-0"]
[BlackTitle "WIM"]
[WhiteElo "2185"]
[BlackElo "2239"]
[WhiteTeam "Uzbekistan"]
[BlackTeam "Italy"]
[WhiteFideId "14201232"]
[BlackFideId "822590"]
[EventDate "2012.08.28"]

1. d4 d5 2. c4 c6 3. cxd5 cxd5 4. Nc3 Nf6 5. Nf3 Nc6 6. Bf4 Bf5 7. Qb3 Na5 8.
Qa4+ Bd7 9. Qc2 Rc8 10. Ne5 e6 11. e3 a6 12. Bd3 Qb6 13. Qe2 Be7 14. O-O O-O 15.
Rab1 Rfd8 16. Bg5 Qd6 17. f4 g6 18. Rf3 Kg7 19. Rh3 Be8 20. g4 Ng8 21. Qe1 h6
22. Qh4 hxg5 23. fxg5 Bxg5 24. Qxg5 Qe7 25. Qf4 Qf6 26. Qg3 Qg5 27. Re1 Nc6 28.
Nf3 Qe7 29. g5 Qd6 30. Qh4 Kf8 31. Qh8 Rc7 32. Rh7 f5 33. gxf6 Rxh7 34. Qxh7 Rd7
35. Qh8 e5 36. Ng5 e4 37. Ncxe4 dxe4 38. Bc4 Bf7 39. Qg7+ Ke8 40. Bxf7+ Kd8 41.
Qxg8+ Kc7 42. Qxg6 1-0

[Event "40th Olympiad Women"]
[Site "Istanbul TUR"]
[Date "2012.09.07"]
[Round "10.7"]
[Board "4"]
[White "De Rosa, Mariagrazia"]
[Black "Kurbonboyeva, Sarvinoz"]
[Result "1/2-1/2"]
[WhiteTitle "WFM"]
[WhiteElo "2087"]
[BlackElo "2143"]
[WhiteTeam "Italy"]
[BlackTeam "Uzbekistan"]
[WhiteFideId "815136"]
[BlackFideId "14201780"]
[EventDate "2012.08.28"]

1. e4 c5 2. Nf3 Nc6 3. d4 cxd4 4. Nxd4 g6 5. c4 Nf6 6. Nc3 d6 7. Be2 Nxd4 8.
Qxd4 Bg7 9. Be3 O-O 10. Qd2 a5 11. O-O a4 12. Bd4 Be6 13. f4 Qa5 14. Rad1 Rfc8
15. b3 axb3 16. axb3 Kh8 17. Qe3 Re8 18. e5 dxe5 19. fxe5 Nd7 20. Nd5 Bxd5 21.
cxd5 f5 22. e6 Nf6 23. Bc4 Rec8 24. Ra1 Qd8 25. Rxa8 Rxa8 26. Rd1 Qd6 27. h3 Nh5
28. Bc5 Qd8 29. d6 f4 30. Qf2 exd6 31. Bxd6 Bf6 32. e7 Qe8 33. Qe2 Ng7 34. Bb5
Qf7 35. Bc4 Qe8 36. Re1 g5 37. Bb5 Qg6 38. e8=Q+ Nxe8 39. Be5 Ng7 40. Bd3 Qf7
41. Qe4 Nh5 42. g4 Bxe5 43. Qxe5+ Ng7 44. Qxg5 Qxb3 45. Qb5 Qc3 46. Rf1 Rf8 47.
Qc4 Qxc4 48. Bxc4 Ne8 49. Rd1 Nf6 50. Rd4 Re8 51. Rxf4 Re4 52. Rxf6 Rxc4 53. Rf7
b5 54. Rb7 Rb4 55. Kg2 Kg8 56. Kg3 Rb1 57. Kf4 b4 58. Kg5 b3 59. h4 b2 60. h5
Kf8 61. h6 Kg8 62. Rg7+ 1/2-1/2

[Event "40th Olympiad Women"]
[Site "Istanbul TUR"]
[Date "2012.09.07"]
[Round "10.8"]
[Board "2"]
[White "Krush, Irina"]
[Black "Batchimeg, Tuvshintugs"]
[Result "1/2-1/2"]
[WhiteTitle "IM"]
[BlackTitle "WGM"]
[WhiteElo "2467"]
[BlackElo "2311"]
[WhiteTeam "United States of America"]
[BlackTeam "Mongolia"]
[WhiteFideId "2012782"]
[BlackFideId "4900839"]
[EventDate "2012.08.28"]

1. c4 e5 2. Nc3 Nf6 3. Nf3 Nc6 4. e3 Be7 5. Qc2 O-O 6. a3 a5 7. Be2 Re8 8. d3
Bc5 9. O-O d6 10. b3 Bf5 11. Bb2 Bg6 12. Rad1 d5 13. cxd5 Nxd5 14. Nxd5 Qxd5 15.
Nh4 Qd6 16. Nxg6 hxg6 17. Ra1 Ne7 18. Rfc1 Bb6 19. Qc4 Nf5 20. Qe4 c6 21. b4
axb4 22. axb4 Rab8 23. g4 Nh4 24. b5 cxb5 25. Ba3 Qd7 26. Qb4 Qd5 27. Qe4 Qd7
28. Qb4 Qd5 29. Qe4 Qd7 30. Qb4 Qd5 1/2-1/2

[Event "40th Olympiad Women"]
[Site "Istanbul TUR"]
[Date "2012.09.07"]
[Round "10.8"]
[Board "3"]
[White "Yanjindulam, Dulamsuren"]
[Black "Foisor, Sabina-Francesca"]
[Result "1/2-1/2"]
[WhiteTitle "WIM"]
[BlackTitle "WGM"]
[WhiteElo "2232"]
[BlackElo "2356"]
[WhiteTeam "Mongolia"]
[BlackTeam "United States of America"]
[WhiteFideId "4900952"]
[BlackFideId "1212915"]
[EventDate "2012.08.28"]

1. e4 c5 2. Nf3 e6 3. c3 d5 4. e5 Nc6 5. d4 Qb6 6. a3 Bd7 7. b4 cxd4 8. cxd4 Rc8
9. Bb2 Na5 10. Nbd2 Nc4 11. Nxc4 dxc4 12. Qd2 Ne7 13. Rc1 Qa6 14. Be2 b5 15. O-O
Qb7 16. Ne1 Bc6 17. f4 g6 18. Bf3 h5 19. Bxc6+ Rxc6 20. Nf3 Nd5 21. Ng5 a5 22.
Bc3 axb4 23. axb4 Be7 24. Ne4 Ra6 25. Ra1 Rxa1 26. Rxa1 Nxc3 27. Nxc3 Bxb4 28.
Rb1 Bxc3 29. Qxc3 O-O 30. Qxc4 Qe4 31. Qxb5 Qxd4+ 32. Kh1 Qxf4 33. Rf1 Qd4 34.
h3 Qd5 35. Qb2 Ra8 36. Qf2 Qd7 37. Qf6 Qe8 38. Rd1 Qf8 39. h4 Qg7 40. Qf4 Rc8
41. Rb1 Rf8 42. Rb7 g5 43. hxg5 Qg6 44. Kh2 Kg7 45. Rb3 Rd8 46. Rf3 Rd5 47. Kh3
Qf5+ 1/2-1/2

[Event "40th Olympiad Women"]
[Site "Istanbul TUR"]
[Date "2012.09.07"]
[Round "10.8"]
[Board "4"]
[White "Goletiani, Rusudan"]
[Black "Ankhchimeg, Bayanmunh"]
[Result "1-0"]
[WhiteTitle "IM"]
[BlackTitle "WIM"]
[WhiteElo "2341"]
[BlackElo "2167"]
[WhiteTeam "United States of America"]
[BlackTeam "Mongolia"]
[WhiteFideId "13601105"]
[BlackFideId "4900600"]
[EventDate "2012.08.28"]

1. Nf3 Nf6 2. c4 e6 3. g3 d5 4. b3 b6 5. Bg2 Bb7 6. Bb2 c5 7. O-O Nbd7 8. e3 Bd6
9. Nc3 Rc8 10. cxd5 exd5 11. Nh4 O-O 12. Nf5 Bb8 13. Nxd5 Bxd5 14. Bxd5 Ne5 15.
Bg2 Qd7 16. f4 Neg4 17. Qc2 g6 18. Nh4 Rfd8 19. Rad1 Ne8 20. h3 Ngf6 21. g4 Qd3
22. Qxd3 Rxd3 23. g5 Nh5 24. Be4 Rd7 25. Rf2 Rcd8 26. Nf3 Ng3 27. Bc2 Ng7 28.
Nh2 Bd6 29. Ng4 Be7 30. e4 Ne6 31. Ne5 Rc7 32. h4 Nd4 33. Bd3 h5 1-0

[Event "40th Olympiad Women"]
[Site "Istanbul TUR"]
[Date "2012.09.07"]
[Round "10.9"]
[Board "1"]
[White "Cori T., Deysi"]
[Black "Muzychuk, Anna"]
[Result "1-0"]
[WhiteTitle "WGM"]
[BlackTitle "GM"]
[WhiteElo "2413"]
[BlackElo "2606"]
[WhiteTeam "Peru"]
[BlackTeam "Slovenia"]
[WhiteFideId "3801934"]
[BlackFideId "14111330"]
[EventDate "2012.08.28"]

1. d4 Nf6 2. Nf3 g6 3. c4 Bg7 4. Nc3 d5 5. Qb3 dxc4 6. Qxc4 O-O 7. e4 Be6 8. d5
Bg4 9. e5 Bxf3 10. exf6 exf6 11. gxf3 Nd7 12. Be2 f5 13. Be3 Re8 14. O-O-O Nb6
15. Qb3 Bxc3 16. bxc3 f4 17. Bxb6 axb6 18. Bb5 Re5 19. a4 Qh4 20. Rd2 Rd8 21.
Bc4 Rd6 22. Qd1 Qe7 23. Kb2 Rd8 24. Rd4 Qc5 25. Re1 Rh5 26. Re2 Rxh2 27. Qg1 Rh5
28. Rxf4 b5 29. axb5 Rdxd5 30. Rfe4 Rdf5 31. f4 c6 32. Qd1 Qb6 33. Qd6 Kg7 34.
Re8 Rxb5+ 35. Kc2 Qc5 36. Qd8 Ra5 37. Bxf7 Qf5+ 38. R2e4 Rh2 39. Qd4+ Kh6 40.
Bxg6 Qc5 41. Qxc5 Rxc5 42. Bf7 Rxf2+ 43. Kd3 Rf3+ 44. Re3 Rxf4 45. R8e7 b5 46.
Bg8 Rf8 47. Rg3 Rg5 48. Rh3+ Kg6 49. Bxh7+ Kf6 50. Rc7 Rd8+ 51. Kc2 Rg2+ 52. Kb3
Rdd2 53. Rxc6+ Ke7 54. Kb4 Rb2+ 55. Kc5 Rg5+ 56. Kb6 b4 57. c4 b3 58. Be4 Re2
59. Rh7+ 1-0

[Event "40th Olympiad Women"]
[Site "Istanbul TUR"]
[Date "2012.09.07"]
[Round "10.9"]
[Board "2"]
[White "Rozic, Vesna"]
[Black "Aliaga Fernandez, Ingrid Y"]
[Result "1/2-1/2"]
[WhiteTitle "WIM"]
[BlackTitle "WFM"]
[WhiteElo "2260"]
[BlackElo "2169"]
[WhiteTeam "Slovenia"]
[BlackTeam "Peru"]
[WhiteFideId "14604000"]
[BlackFideId "3802191"]
[EventDate "2012.08.28"]

1. d4 d5 2. Nf3 Nf6 3. c4 dxc4 4. Qa4+ Nbd7 5. Qxc4 e6 6. g3 a6 7. Bg2 b5 8. Qb3
Bb7 9. a4 Bd5 10. Qd1 b4 11. Bg5 h6 12. Bxf6 Nxf6 13. O-O c5 14. a5 cxd4 15.
Nxd4 Bxg2 16. Kxg2 Qd5+ 17. Nf3 Qxd1 18. Rxd1 Be7 19. Nbd2 O-O 20. Ne5 Rac8 21.
Rac1 Rfe8 22. Nb3 g6 23. Nd4 Bf8 24. Nd3 Rcd8 25. Nc6 Rd5 26. Rc4 e5 27. e4 Rb5
28. b3 Kg7 29. f3 g5 30. g4 h5 31. h3 hxg4 32. hxg4 Re6 33. Kg3 Ne8 34. Rdc1 Nf6
35. Ndxb4 Bxb4 36. Nxb4 Rxa5 37. Rc7 Rb5 38. Nd3 Ne8 39. Ra7 Kf6 40. b4 Rd6 41.
Rc3 Rbb6 42. Rc8 Rxd3 43. Rxe8 Re6 44. Rxe6+ Kxe6 45. Rxa6+ Ke7 46. b5 Rb3 47.
Rb6 Rb2 48. Rb8 Kf6 49. b6 Kg7 50. b7 f6 51. Kh3 Rb3 52. Kg2 Rb2+ 53. Kf1 Rb1+
54. Ke2 Rb3 55. Kd2 Rb1 56. Kc2 Rb4 57. Kc3 Rb1 58. Kc4 Rb2 59. Kc5 Rc2+ 60. Kd6
Rd2+ 61. Ke6 Rb2 62. Rd8 Rxb7 63. Rd7+ Rxd7 64. Kxd7 Kh7 65. Kd8 Kh8 66. Ke8 Kg8
67. Ke7 Kg7 68. Kd6 Kh6 69. Kc6 Kg6 70. Kc7 Kg7 71. Kc8 Kg8 72. Kd7 Kh7 73. Ke6
Kg6 74. Ke7 Kg7 75. Ke8 Kg8 76. Ke7 1/2-1/2

[Event "40th Olympiad Women"]
[Site "Istanbul TUR"]
[Date "2012.09.07"]
[Round "10.9"]
[Board "3"]
[White "Chumpitaz, Ann"]
[Black "Krivec, Jana"]
[Result "1-0"]
[WhiteTitle "WFM"]
[BlackTitle "WGM"]
[WhiteElo "2160"]
[BlackElo "2240"]
[WhiteTeam "Peru"]
[BlackTeam "Slovenia"]
[WhiteFideId "3804178"]
[BlackFideId "14601982"]
[EventDate "2012.08.28"]

1. d4 Nf6 2. c4 g6 3. Nc3 Bg7 4. e4 d6 5. Nf3 O-O 6. Be2 Nbd7 7. O-O c6 8. Qc2
e5 9. dxe5 dxe5 10. b3 Nh5 11. g3 Re8 12. Rd1 Qe7 13. Na4 Nf8 14. c5 f5 15. Nh4
fxe4 16. Bxh5 gxh5 17. Qxe4 Qf7 18. Be3 Ng6 19. Rd6 Nxh4 20. Qxh4 Bg4 21. Re1
Rf8 22. h3 Be6 23. Rd2 Qf5 24. Bg5 Qxh3 25. Qxh3 Bxh3 26. Nc3 b6 27. Ne4 h6 28.
Bh4 Bf5 29. Rd6 Bxe4 30. Rxe4 bxc5 31. Rxc6 Rfc8 32. Ra6 Kf7 33. Rd6 Rc7 34. Bd8
Rcc8 35. Ba5 Ke7 36. Ra6 Kf7 37. Bc3 Re8 38. Ra5 Kf6 39. Rxc5 Kf5 40. Rec4 Rf8
41. a4 1-0

[Event "40th Olympiad Women"]
[Site "Istanbul TUR"]
[Date "2012.09.07"]
[Round "10.9"]
[Board "4"]
[White "Srebrnic, Ana"]
[Black "Sanchez Zambrano, Vanessa"]
[Result "1-0"]
[WhiteTitle "WGM"]
[WhiteElo "2211"]
[BlackElo "1858"]
[WhiteTeam "Slovenia"]
[BlackTeam "Peru"]
[WhiteFideId "14603314"]
[BlackFideId "3804925"]
[EventDate "2012.08.28"]

1. d4 Nf6 2. c4 g6 3. g3 Bg7 4. Bg2 O-O 5. Nc3 d6 6. e4 c6 7. Nge2 Qa5 8. h3
Nbd7 9. O-O e5 10. Be3 exd4 11. Bxd4 Re8 12. f4 Nc5 13. Qc2 Qb4 14. b3 a5 15.
Bf2 Nfxe4 16. Nxe4 Bf5 17. Bxc5 Qxc5+ 18. Kh1 Qe3 19. N2c3 Bxc3 20. Qxc3 Bxe4
21. Qxe3 Bxg2+ 22. Kxg2 Rxe3 23. Rad1 a4 24. b4 Rd8 25. Rd4 Kf8 26. Rf2 f5 27.
Rfd2 Ke7 28. b5 c5 29. R4d3 Re4 30. Rc2 Ke6 31. Ra3 Ra8 32. Rd3 Rd8 33. Ra3 Ra8
34. Rd3 b6 35. Kf3 Rd8 36. Ra3 Ra8 37. Rd3 1-0

[Event "40th Olympiad Women"]
[Site "Istanbul TUR"]
[Date "2012.09.07"]
[Round "10.10"]
[Board "4"]
[White "Raeva, Elitsa"]
[Black "Gara, Anita"]
[Result "1-0"]
[WhiteTitle "WIM"]
[BlackTitle "IM"]
[WhiteElo "2313"]
[BlackElo "2306"]
[WhiteTeam "Bulgaria"]
[BlackTeam "Hungary"]
[WhiteFideId "2906660"]
[BlackFideId "709751"]
[EventDate "2012.08.28"]

1. d4 g6 2. c4 Bg7 3. Nc3 c5 4. e3 Qa5 5. Nf3 Nf6 6. Bd2 d6 7. Be2 O-O 8. O-O
Qc7 9. Rc1 Nbd7 10. d5 a6 11. a4 Re8 12. Ne1 Nf8 13. e4 e6 14. f3 exd5 15. cxd5
Bd7 16. Kh1 Rab8 17. Nc2 b5 18. axb5 axb5 19. b4 c4 20. Nd4 Nxe4 21. Nxe4 Bxd4
22. Bf4 Be5 23. Bxe5 Rxe5 24. Nf6+ Kg7 25. f4 Rf5 26. Ne4 Qb6 27. Bg4 Re8 28.
Bxf5 Bxf5 29. Ng3 Bd3 30. Rf3 Qd4 31. f5 Nd7 32. Qd2 Qe5 33. h3 Nf6 34. Qf2 Nxd5
35. fxg6 Bxg6 36. Nf5+ Kh8 37. Rf1 Nc3 38. Re3 Ne4 39. Rxe4 Qxe4 40. Nxd6 Qe5
41. Nxe8 Qxe8 42. Qf6+ Kg8 43. Rd1 Bd3 44. Ra1 Be4 45. Ra7 Qe6 46. Qxe6 fxe6 47.
Rc7 c3 48. Rxc3 Kf7 49. Kg1 Kf6 50. Rc5 Bd3 51. Kf2 e5 52. Ke3 Bf1 53. g3 Ke6
54. h4 Kf5 55. Rc7 h6 56. Rf7+ 1-0

[Event "40th Olympiad Women"]
[Site "Istanbul TUR"]
[Date "2012.09.07"]
[Round "10.11"]
[Board "2"]
[White "Lanchava, Tea"]
[Black "Bulmaga, Irina"]
[Result "0-1"]
[WhiteTitle "IM"]
[BlackTitle "WIM"]
[WhiteElo "2351"]
[BlackElo "2380"]
[WhiteTeam "Netherlands"]
[BlackTeam "Romania"]
[WhiteFideId "1005308"]
[BlackFideId "13903063"]
[EventDate "2012.08.28"]

1. d4 Nf6 2. c4 e6 3. Nf3 d5 4. Nc3 Be7 5. Bg5 h6 6. Bxf6 Bxf6 7. e3 O-O 8. Rc1
b6 9. Qc2 Bb7 10. cxd5 exd5 11. Be2 Re8 12. O-O c6 13. Rfd1 Nd7 14. Qf5 Nf8 15.
Bd3 g6 16. Qh3 h5 17. Qg3 Bc8 18. h3 Ne6 19. Ne5 h4 20. Qh2 Bb7 21. f4 c5 22.
Ne2 cxd4 23. exd4 Ng7 24. Kh1 a6 25. Qg1 Bc8 26. Rc6 Bf5 27. Bxf5 Nxf5 28. Rdc1
Bg7 29. g4 hxg3 30. Qg2 Bxe5 31. dxe5 Qh4 32. R1c3 d4 33. Rf3 Rac8 34. Rxc8 Rxc8
35. Nxg3 Rc1+ 36. Nf1 Ne3 37. Qe2 Nxf1 38. Rxf1 Qxh3+ 39. Kg1 d3 0-1

[Event "40th Olympiad Women"]
[Site "Istanbul TUR"]
[Date "2012.09.07"]
[Round "10.11"]
[Board "3"]
[White "Cosma, Elena-Luminita"]
[Black "Schut, Lisa"]
[Result "1/2-1/2"]
[WhiteTitle "WGM"]
[BlackTitle "WIM"]
[WhiteElo "2352"]
[BlackElo "2305"]
[WhiteTeam "Romania"]
[BlackTeam "Netherlands"]
[WhiteFideId "1201590"]
[BlackFideId "1019481"]
[EventDate "2012.08.28"]

1. Nf3 Nf6 2. c4 g6 3. Nc3 d5 4. cxd5 Nxd5 5. Qa4+ Nc6 6. Ne5 Nxc3 7. bxc3 Qd5
8. Nxc6 Qxc6 9. Qxc6+ bxc6 10. g3 Be6 11. e4 Bg7 12. Ba3 O-O 13. f4 f5 14. e5
Kf7 15. Be2 Rfb8 16. h4 h5 17. Kf2 Bf8 18. c4 Bc8 19. Bf3 Bd7 20. Rhb1 e6 21.
Bxf8 Kxf8 22. c5 Rxb1 23. Rxb1 Ke7 24. Ke3 Kd8 25. Kd4 a6 26. Kc3 Kc8 27. Be2
Kd8 28. Bc4 Bc8 29. Rb3 Bd7 30. Kb2 Bc8 31. Ka3 Bd7 32. Rd3 Ke7 33. Rd4 Ra7 34.
Be2 Ra8 35. Ra4 Bc8 36. Kb2 Rb8+ 37. Kc2 Ra8 38. Kc3 Ra7 39. Bf3 Bd7 40. Rb4 Ra8
41. a3 Kd8 42. Rb2 Kc8 43. Be2 Kd8 44. Rb1 Ke7 45. Bf3 1/2-1/2

[Event "40th Olympiad Women"]
[Site "Istanbul TUR"]
[Date "2012.09.07"]
[Round "10.11"]
[Board "4"]
[White "Haast, Anne"]
[Black "L'Ami, Alina"]
[Result "0-1"]
[WhiteTitle "WIM"]
[BlackTitle "WGM"]
[WhiteElo "2235"]
[BlackElo "2372"]
[WhiteTeam "Netherlands"]
[BlackTeam "Romania"]
[WhiteFideId "1017292"]
[BlackFideId "1210246"]
[EventDate "2012.08.28"]

1. e4 c6 2. Nc3 d5 3. Qe2 d4 4. Nd1 e5 5. d3 c5 6. g3 Bd6 7. Bg2 Be6 8. f4 f6 9.
Nf3 Nc6 10. O-O Qc7 11. Nf2 Nge7 12. Bd2 exf4 13. e5 Nxe5 14. Nxe5 fxg3 15. Nf3
gxf2+ 16. Rxf2 Bf7 17. Bh3 O-O 18. Rg2 Ng6 19. Qf2 Bf4 20. Bf5 Bxd2 21. Qxd2 Bd5
22. Rf1 Bxf3 23. Rxf3 Nh4 24. Bxh7+ Kxh7 25. Rh3 g5 26. Qf2 Kh8 27. Rg4 Rf7 28.
Qg3 Qe7 29. Re4 Qd7 30. Kh1 Rh7 31. Qf2 Qxh3 32. Qxf6+ Rg7 0-1